Highway engineering : (Record no. 152156)

MARC details
000 -LEADER
fixed length control field 00643nam a2200205 a 4500
008 - FIXED-LENGTH DATA ELEMENTS--GENERAL INFORMATION
fixed length control field
049 ## - LOCAL HOLDINGS (OCLC)
Holding library MAIN
090 ## - LOCALLY ASSIGNED LC-TYPE CALL NUMBER (OCLC); LOCAL CALL NUMBER (RLIN)
Classification number (OCLC) (R) ; Classification number, CALL (RLIN) (NR) TE145
Local cutter number (OCLC) ; Book number/undivided call number, CALL (RLIN) SIN
003 - CONTROL NUMBER IDENTIFIER
control field
005 - DATE AND TIME OF LATEST TRANSACTION
control field 20230123133637.0
040 ## - CATALOGING SOURCE
Transcribing agency NUST
100 1# - MAIN ENTRY--PERSONAL NAME
Personal name Singh, Gurcharan
245 10 - TITLE STATEMENT
Title Highway engineering :
Remainder of title (for degree, diploma, A.M.I.E and Field engineers) /
Statement of responsibility, etc. Gur Charan Singh and Jagdish Singh.
260 ## - PUBLICATION, DISTRIBUTION, ETC.
Place of publication, distribution, etc. Nai Sarak, Delhi :
Name of publisher, distributor, etc. Standard Publishers ,
Date of publication, distribution, etc. 1991.
300 ## - PHYSICAL DESCRIPTION
Extent 716 p. :
Other physical details ill. ;
Dimensions 22 cm.
650 #1 - SUBJECT ADDED ENTRY--TOPICAL TERM
Topical term or geographic name entry element Highway engineering.
700 0# - ADDED ENTRY--PERSONAL NAME
Personal name Singh, Jagdish.
907 ## - LOCAL DATA ELEMENT G, LDG (RLIN)
a .b1011340x
b 09-10-18
c 01-03-04
942 ## - ADDED ENTRY ELEMENTS (KOHA)
Koha item type Ordinary Loan Books
Call number prefix TE145
Call number suffix SIN
Holdings
Date last seen Total Checkouts Full call number Barcode Cost, replacement price Price effective from Koha item type Lost status Source of classification or shelving scheme Damaged status Not for loan Collection Withdrawn status Home library Current library Shelving location Date acquired Cost, normal purchase price
01/23/2023 6 TE145 SIN 92003017598 80.00 01/23/2023 BOOKS   LCC     NFIC   MAIN MAIN GEN 01/23/2023 80.00